000 00608nam a2200229Ia 4500
003 OSt
005 20220924143918.0
006 a|||||r|||| 00| 0
007 ta
008 220923b |||||||| |||| 00| 0 urd d
024 _a310904
037 _cTextual
040 _aARTS
_cARTS
_burd
041 _2urd
_aurd
082 _aO168,1x44Q7,N51, M3
100 _aNishat Shahid Ed.
_9216829
245 0 _aNai pakistani ghazal naye dastakhat
260 _c1983
650 _aURDU POETRY
942 _hO168,1x44Q7,N51, M3
_cTEXL
_2CC
999 _c455794
_d455794